Boroughs of Greater Manchester - Statistics

General Stats
  • This quiz has been taken 73 times
  • The average score is 7 of 9
Answer Stats
Status Answer % Correct
Borough and City City of Salford
91%
Borough and City City of Manchester
89%
Borough Bury
85%
Borough Bolton
79%
Borough Rochdale
79%
Borough Oldham
77%
Borough Stockport
74%
Borough Wigan
64%
Borough Tameside
51%
No matching quizzes found
Score Distribution
Percent of People with Each Score
Percentile by Number Answered
Your Score History
You have not taken this quiz